LEADER 01612nam a2200361 u 4500 001 000000028471 003 CaOOAMICUS 005 20150219104434.0 008 960708s1978 it af u000 u ita u 020 $a8802025193 035 $a10736135 040 $aMSA$bita$dEFR$dBSR 100 1 $aCaravale, Mario.$0(OLS)http://pul/name/14126 245 13$aLo Stato pontificio da Martino V a Pio IX /$cMario Caravale, Alberto Caracciolo. 260 $aTorino :$bUTET,$c1978. 300 $axvi, 793 p., [64] p. de pl., [10] f. de pl.$bill. en noir et en coul.$c25 cm 490 1 $aStoria d'Italia (UTET) ;$v14 500 $aIncludes index. 504 $aBibliografia: p. [741]-764. 650 4$aChiesa$xStoria.$0(OLS)http://pul/subject/128 651 4$aStati Pontifici$xStoria.$0(OLS)http://pul/subject/685 700 1 $aCaracciolo, Alberto,$d1926-2002.$0(OLS)http://pul/name/23162 830 0$aStoria d'Italia (UTET) ;$v14.$0(OLS)http://pul/title/35394 850 $aPUL 852 $aPUL$W1$xSL Cons. Gen., Altre Classi 1$y1$m1396.B$j35905$nBK-PRI$b $qStampati$B39515$CPULBib$Z2$F39515 $H68910 $81 852 $aPUL$W1$xDP1 Fondo Capitani$y116$m10 B 85.14$j163761$av.14$qFondi$B163794$CPULBib$Z2$F163794 $HCap427 $82 941 1 $a8 941 1 $a1 960 $aStoria della chiesa$9128 960 $aStoria ecclesiastica$9128 996 $6020$a8802025193$9(OLS)http://pul/number/35350 996 $6245$aLo Stato pontificio da Martino V a Pio IX$9(OLS)http://pul/title/38857 996 $6260$aTorino :$bUTET$9(OLS)http://pul/publisher/48088 LEADER 00981naa a2200217 u 4500 001 000000100792 003 CaOOAMICUS 005 20070226130204.0 008 051125m19841985it u000 u ita u 035 $a11070585 040 $aIAR$bita 100 1 $aAlberzoni, Maria Pia,$d1952-$0(OLS)http://pul/name/3998 245 13$aIl monastero milanese di S. Apollinare di fronte all'autorità ecclesiastica (1223-1264) /$c[Maria Pia Alberzoni]. 260 $a[Milano :$bVita e pensiero],$c[1984-85] 300 $aS. 212-245 (v.58); 305-352 (v.59) ;$c25 cm 610 20$aSant'Apollinare (Convent : Milan, Italy).$2//eng$0(OLS)http://pul/subject/32396 730 0 $aAevum$g[Spogli].$0(OLS)http://pul/title/11692 773 0 $aAevum ;.$k58 (1984); 59 (1985) 773 0 $tAevum$w()8026 996 $6245$aIl monastero milanese di S. Apollinare di fronte all'autorità ecclesiastica (1223-1264)$9(OLS)http://pul/title/127691 996 $6260$a[Milano :$bVita e pensiero]$9(OLS)http://pul/publisher/79155